| Tag |
First Indicator |
Second Indicator |
Subfields |
| LEADER |
00000cam a2200000 a 4500 |
| 001 |
in00000531663 |
| 005 |
20151013173836.0 |
| 008 |
841011s1984 cn c 00000 eng d |
| 020 |
|
|
|a 0887841384
|
| 035 |
|
|
|a (OCoLC)11253148
|
| 035 |
|
|
|9 ACH4329AM
|
| 040 |
|
|
|a FHM
|c FHM
|d TXA
|d UtOrBLW
|
| 049 |
|
|
|a TXAM
|c [445142]
|
| 090 |
|
|
|a PR9195.7
|b .C36 1984
|
| 245 |
0 |
0 |
|a Canadian poetry now :
|b 20 poets of the '80's /
|c edited by Ken Norris.
|
| 264 |
|
1 |
|a Toronto ;
|a Buffalo :
|b Anansi,
|c [1984]
|
| 264 |
|
4 |
|c ©1984
|
| 300 |
|
|
|a 262 pages :
|b portraits ;
|c 22 cm.
|
| 336 |
|
|
|a text
|b txt
|2 rdacontent
|
| 337 |
|
|
|a unmediated
|b n
|2 rdamedia
|
| 338 |
|
|
|a volume
|b nc
|2 rdacarrier
|
| 490 |
0 |
|
|a House of Anansi poetry series ;
|v HAP 44
|
| 650 |
|
0 |
|a Canadian poetry
|y 20th century.
|
| 700 |
1 |
|
|a Norris, Ken.
|
| 999 |
|
|
|a MARS
|
| 999 |
f |
f |
|s 454d3b88-1c17-36f6-b681-9b8691cb4614
|i d00fcdbd-f658-375a-9fa8-16d1402a4527
|t 0
|
| 952 |
f |
f |
|p ric
|a Texas A&M University
|b Rellis Campus
|c Joint Library Facility
|d Remote Storage
|t 0
|e PR9195.7 .C36 1984
|h Library of Congress classification
|i unmediated -- volume
|m A14808806114
|
| 998 |
f |
f |
|a PR9195.7 .C36 1984
|t 0
|l Remote Storage
|